Dependent Territories to Country - Statistics

General Stats
  • This quiz has been taken 170 times
  • The average score is 31 of 40
Answer Stats
Hint Extra Hint Answer % Correct
French Polynesia Overseas country France
92%
Isle of Man Crown Dependency United Kingdom
92%
Macao Special administrative region China
91%
Greenland Constituent country Denmark
91%
British Virgin Islands Overseas territory United Kingdom
89%
Guernsey Crown Dependency United Kingdom
89%
Puerto Rico Commonwealth United States
89%
Hong Kong Special administrative region China
88%
American Samoa Unincorporated territory United States
88%
US Virgin Islands Unincorporated territory United States
88%
Jersey Crown Dependency United Kingdom
87%
Falkland Islands Overseas territory United Kingdom
86%
Gibraltar Overseas territory United Kingdom
85%
Saint Pierre and Miquelon Overseas collectivity France
83%
Curaçao Constituent country Netherlands
83%
Aruba Constituent country Netherlands
82%
Turks and Caicos Islands Overseas territory United Kingdom
81%
Guam Unincorporated territory United States
81%
Svalbard Division Norway
80%
Bermuda Overseas territory United Kingdom
80%
Cayman Islands Overseas territory United Kingdom
80%
Sint Maarten Constituent country Netherlands
79%
Anguilla Overseas territory United Kingdom
77%
Pitcairn Islands Overseas territory United Kingdom
77%
Northern Mariana Islands Commonwealth United States
76%
Christmas Island External territory Australia
75%
New Caledonia Sui generis collectivity France
75%
Saint Barthélemy Overseas collectivity France
75%
Saint Helena, Ascension and Tristan da Cunha Overseas territory United Kingdom
75%
Faroe Islands Constituent country Denmark
73%
Saint Martin Overseas collectivity France
70%
Åland Autonomous region Finland
67%
Cocos Islands External territory Australia
65%
Wallis and Futuna Overseas collectivity France
65%
Niue Free association New Zealand
65%
Norfolk Island External territory Australia
62%
Akrotiri and Dhekelia Overseas territory (sovereign base areas) United Kingdom
62%
Montserrat Overseas territory United Kingdom
62%
Tokelau Dependent territory New Zealand
60%
Cook Islands Free association New Zealand
55%
No matching quizzes found
Score Distribution
Percent of People with Each Score
Percentile by Number Answered
Your Score History
You have not taken this quiz